Energy Storage in Power Systems /

Guardado en:
Detalles Bibliográficos
Autores principales: Díaz-González, Francisco (Autor), Sumper, Andreas (Autor), Gomis-Bellmunt, Oriol (Autor)
Formato: Libro
Lenguaje:inglés
Publicado: West Sussex : John Wiley and Sons Ltd, 2016
Edición:1. vyd.
Etiquetas: Agregar Etiqueta
Sin Etiquetas, Sea el primero en etiquetar este registro!

MARC

LEADER 00000nam a22000003a 4500
001 0077761
003 SK-STU
005 20191121100939.0
007 ta
008 191121s ----xo-----e------000-0-----d
020 |a 978-1-118-97132-1 
040 |a STU  |b slo 
041 0 |a eng 
044 |a xxk 
100 1 |a Díaz-González, Francisco  |4 aut  |r Z6 
245 1 0 |a Energy Storage in Power Systems /  |c aut. Francisco Díaz-González, Andreas Sumper, Oriol Gomis-Bellmunt 
250 |a 1. vyd. 
260 |a West Sussex :  |b John Wiley and Sons Ltd,  |c 2016 
300 |a 288 s. 
700 1 |a Sumper, Andreas  |r Z6  |4 aut 
700 1 |a Gomis-Bellmunt, Oriol  |r Z6  |4 aut 
996 |b 284EK90078  |c E* 90078  |l EE32  |s P  |a 0  |w 0077761_0001